Dzielnice Lublina - Statystyki

Ogólne statystyki
  • Ten quiz został rozwiązany 1 500 razy
  • Średni wynik to 16 z 27
Statystyki odpowiedzi
Dzielnica Powierzchnia km2 % Poprawnych
Śródmieście 3,77
83%
Bronowice 2,51
76%
Czechów Północny 5,9
72%
Czechów Południowy 3,35
71%
Felin 6,99
71%
Tatary 3,03
70%
Sławin 8,29
68%
Kalinowszczyzna 2,75
66%
Czuby Północne 2,3
65%
Czuby Południowe 1,94
65%
Dziesiąta 6,61
65%
Stare Miasto 0,94
65%
Abramowice 13,39
64%
Sławinek 1,8
63%
Zemborzyce 25,65
61%
Rury 3,61
60%
Wrotków 4,49
57%
Węglin Północny 2,39
55%
Wieniawa 2,2
55%
Węglin Południowy 5,1
54%
Ponikwoda 11,54
50%
Za Cukrownią 2,42
49%
Głusk 5,7
40%
Kośminek 6,44
40%
Konstantynów 2,15
34%
Hajdów-Zadębie 9,0
32%
Szerokie 3,17
32%
Nie znaleziono quizów pasujących do podanych kryteriów
Rozkład punktacji
Procent ludzi z każdym wynikiem
Percentyl według liczby udzielonych odpowiedzi
Twoja historia wyników
Nie rozwiązałeś tego quizu